00860nam a22002057a 450000500170000000800410001702000180005804000270007604100080010304400070011108200180011811000390013624502100017526000700038530000860045565000340054165000340057565000270060965000180063620200220062638.0200220b xxu||||| |||| 00| 0 spa d a9789588901756 aCO-BoIAVH cCO-BoIAVH  aspa ack a363.738bM66l aPinzón Rincón, Fabian Mauricio aLecciones aprendidas del proyecto COL/84851-71268bDesarrollo de la capacidad para la gestión y eliminación ambientalmente adecuada de los bifenilos policlorados - PCBcFabio Mauricio Pinzón Rincón aBogotá:bMinisterio de Ambiente y Desarrollo sostenible,c2018. a60 páginas,bFotografías, ilustraciones y gráficos a color,c28.1 x 21.5 cm 0aBifenilos policlorados - PCBs 0aGestión ambientalzColombia 0aGestión de proyectos 0aContaminantes